|
|
|
|
| LEADER |
00000nam0a2200000 4500 |
| 001 |
253479 |
| 005 |
20240209120749.0 |
| 035 |
|
|
|a (RuTPU)RU\TPU\book\275868
|
| 035 |
|
|
|a RU\TPU\book\244950
|
| 090 |
|
|
|a 253479
|
| 100 |
|
|
|a 20140313d2013 m y0rusy50 ca
|
| 101 |
0 |
|
|a rus
|
| 102 |
|
|
|a RU
|
| 105 |
|
|
|a a j 001zy
|
| 200 |
1 |
|
|a Инженерная графика
|e учебное пособие для иностранных студентов
|f Н. А. Антипина [и др.]
|g Национальный исследовательский Томский политехнический университет (ТПУ)
|
| 210 |
|
|
|a Томск
|c Изд-во ТПУ
|d 2013
|
| 215 |
|
|
|a 164 с.
|c ил.
|
| 320 |
|
|
|a Русско-английский словарь: с. 150-160.
|
| 330 |
|
|
|a В пособии рассматриваются вопросы изображения на чертеже геометрических фигур, их взаимное расположение и пересечения. Представлена возможность познакомить студентов с базовыми приемами и правилами геометрического, проекционного и технического черчения. Пособие поможет освоить широкий круг понятий и терминов, которые будут полезны при освоении общетехнических дисциплин в русскоязычной среде. Составлено в соответствии с требованиями к уровню подготовки выпускников факультетов и отделений предвузовского обучения иностранных граждан.
|
| 452 |
|
1 |
|0 (RuTPU)RU\TPU\book\290743
|t Инженерная графика
|o учебное пособие для иностранных студентов
|f Н. А. Антипина [и др.]
|g Национальный исследовательский Томский политехнический университет (ТПУ), Институт международного образования и языковой коммуникации (ИМОЯК)
|c Томск
|n Изд-во ТПУ
|d 2013
|
| 606 |
1 |
|
|a Инженерная графика
|2 stltpush
|3 (RuTPU)RU\TPU\subj\39243
|9 59411
|
| 610 |
1 |
|
|a конструкторская документация
|
| 610 |
1 |
|
|a детали машин
|
| 610 |
1 |
|
|a чертежи
|
| 610 |
1 |
|
|a зубчатые передачи
|
| 610 |
1 |
|
|a пружины
|
| 610 |
1 |
|
|a эскизы
|
| 610 |
1 |
|
|a сборочные чертежи
|
| 610 |
1 |
|
|a деталирование
|
| 610 |
1 |
|
|a схемы
|
| 610 |
1 |
|
|a строительные чертежи
|
| 610 |
1 |
|
|a графическое оформление
|
| 610 |
1 |
|
|a чтение
|
| 610 |
1 |
|
|a учебные пособия
|
| 610 |
1 |
|
|a труды учёных ТПУ
|
| 610 |
1 |
|
|a пособия для иностранцев
|
| 675 |
|
|
|a 76:621(075.8)
|v 3
|
| 701 |
|
1 |
|a Антипина
|b Н. А.
|c специалист в области инженерной графики и начертательной геометрии
|c доцент Томского политехнического университета, кандидат технических наук
|f 1972-
|g Наталья Алексеевна
|3 (RuTPU)RU\TPU\pers\29477
|9 14020
|
| 701 |
|
1 |
|a Буркова
|b С. П.
|c специалист в области инженерной графики и начертательной геометрии
|c доцент Томского политехнического университета, кандидат технических наук
|f 1960-
|g Светлана Петровна
|3 (RuTPU)RU\TPU\pers\27880
|9 12896
|
| 701 |
|
1 |
|a Долотова
|b Р. Г.
|c специалист в области инженерной графики и начертательной геометрии
|c доцент Томского политехнического университета, кандидат технических наук
|f 1963-
|g Раиса Григорьевна
|3 (RuTPU)RU\TPU\pers\27881
|9 12897
|
| 701 |
|
1 |
|a Нехорошева
|b Ю. Г.
|c специалист в области информатики и вычислительной техники
|c заместитель директора Центра организации и мониторинга электронного обучения Томского политехнического университета
|f 1976-
|g Юлия Геннадьевна
|3 (RuTPU)RU\TPU\pers\30330
|
| 712 |
0 |
2 |
|a Национальный исследовательский Томский политехнический университет (ТПУ)
|c (2009- )
|3 (RuTPU)RU\TPU\col\15902
|
| 801 |
|
1 |
|a RU
|b 63413507
|c 20121029
|
| 801 |
|
2 |
|a RU
|b 63413507
|c 20221209
|g RCR
|
| 942 |
|
|
|c BK
|